| 000 | 00472nam a2200169 i 4500 | ||
|---|---|---|---|
| 001 | 130059 | ||
| 003 | ES-MaACL | ||
| 005 | 20250906063114.0 | ||
| 007 | t| | ||
| 008 | 070717s1963 sp ||||1| spa d | ||
| 100 | 1 |
_aZúñiga, Ángel, _d1911-1994 _9150772 |
|
| 245 | 1 | 3 |
_aLa vida de los muertos / _cAngel Zúñiga. |
| 260 |
_aBarcelona : _bDestino, _c[1963] |
||
| 300 |
_a328 p. ; _c19 cm. |
||
| 852 |
_aES-MaACL _jC-24378 _bR.52882 |
||
| 999 |
_c130059 _d130059 |
||